|
|
|
|
| LEADER |
01730nam a22003854a 4500 |
| 001 |
EBC3004308 |
| 003 |
MiAaPQ |
| 005 |
20200520144314.0 |
| 006 |
m o d | |
| 007 |
cr cn||||||||| |
| 008 |
020529s2002 dcua sb 001 0 eng |
| 010 |
|
|
|z 2002008413
|
| 020 |
|
|
|z 0815731124 (cloth : alk. paper)
|
| 020 |
|
|
|z 0815731116 (pbk. : alk. paper)
|
| 035 |
|
|
|a (MiAaPQ)EBC3004308
|
| 035 |
|
|
|a (Au-PeEL)EBL3004308
|
| 035 |
|
|
|a (CaPaEBR)ebr10026238
|
| 035 |
|
|
|a (OCoLC)923614828
|
| 040 |
|
|
|a MiAaPQ
|c MiAaPQ
|d MiAaPQ
|
| 050 |
|
4 |
|a HC340.12
|b .G33 2002
|
| 082 |
0 |
4 |
|a 330.947
|2 21
|
| 100 |
1 |
|
|a Gaddy, Clifford G.
|
| 245 |
1 |
0 |
|a Russia's virtual economy
|h [electronic resource] /
|c Clifford G. Gaddy, Barry W. Ickes.
|
| 260 |
|
|
|a Washington, D.C. :
|b Brookings Institution Press,
|c c2002.
|
| 300 |
|
|
|a xiii, 306 p. :
|b ill.
|
| 504 |
|
|
|a Includes bibliographical references (p. 281-288) and indexes.
|
| 505 |
0 |
|
|a Introduction -- Illusion versus reality -- Roots of the virtual economy -- "Igor" in the virtual economy -- Evolution of the virtual economy -- A simple accounting exercise -- Running out of value -- The virtual state -- Mr. Putin's dilemma
|
| 533 |
|
|
|a Electronic reproduction. Ann Arbor, MI : ProQuest, 2015. Available via World Wide Web. Access may be limited to ProQuest affiliated libraries.
|
| 650 |
|
0 |
|a Structural adjustment (Economic policy)
|z Russia (Federation)
|
| 651 |
|
0 |
|a Russia (Federation)
|x Economic policy
|y 1991-
|
| 651 |
|
0 |
|a Russia (Federation)
|x Economic conditions
|y 1991-
|
| 655 |
|
4 |
|a Electronic books.
|
| 700 |
1 |
|
|a Ickes, Barry William.
|
| 710 |
2 |
|
|a ProQuest (Firm)
|
| 856 |
4 |
0 |
|u https://ebookcentral.proquest.com/lib/matrademy/detail.action?docID=3004308
|z Click to View
|